| 000 -ლიდერი |
| ფიქსირებული სიგრძის საკონტროლო ველი |
01855nam a2200289Ia 4500 |
| 001 - საკონტროლო ნომერი |
| საკონტროლო ველი |
22291 |
| 003 - საკონტროლო ნომრის იდენტიფიკატორი |
| საკონტროლო ველი |
GE_BSU |
| 005 - ბოლო ოპერაციის თარიღი და დრო |
| საკონტროლო ველი |
20230227123251.0 |
| 008 - ფიქსირებული სიგრძის მონაცემთა ელემენტები - ზოგადი ინფორმაცია |
| ფიქსირებული სიგრძის საკონტროლო ველი |
181216s2012||||ge |||||||||||||| ||geo|| |
| 020 ## - წიგნის საერთაშორისო სტანდარტული ნომერი |
| International Standard Book Number |
9789941437083 |
| 040 ## - კატალოგიზაციის წყარო |
| Transcribing agency |
GE_BSU |
| 041 ## - ენის კოდი |
| Language code of text/sound track or separate title |
geo |
| 080 ## - უნივერსალური ათობითი კლასიფიკაციის ინდექსი |
| Universal Decimal Classification number |
821.14'04.09-31 ა-47 |
| 100 ## - მთავარი ჩანაწერი - პიროვნების სახელი |
| Personal name |
ალექსიძე, ალექსანდრე |
| 9 (RLIN) |
17051 |
| 245 ## - ცნობა სათაურის შესახებ |
| Title |
ბერძნული სარაინდო რომანის სამყარო (XIII-XIV სს.) = Мир греческого рыцарского романа (XIII-XIV вв.) / |
| Statement of responsibility, etc |
ალექსანდრე ალექსიძე ; რედ. რისმაგ გორდეზიანი. |
| 264 ## - წარმოების, გამოცემის, დისტრიბუციის და სხვა ცნობები |
| გამოცემის, წარმოების, დისტრიბუციის... ადგილი |
თბილისი : |
| გამოცემის, წარმოების, დისტრიბუციის... სახელწოდება |
ლოგოსი, |
| გამოცემის, წარმოების, დისტრიბუციის... თარიღი |
2012. |
| 300 ## - ფიზიკური აღწერა |
| Extent |
356 გვ. ; |
| Dimensions |
20 სმ. |
| 490 ## - სერიის ცნობა |
| Series statement |
პროგრამა "ლოგოსი" |
| 500 ## - ზოგადი შენიშვნა |
| General note |
პუბლიკაციები და ღონისძიებები კლასიკური ფილოლოგიის, ბიზანტინისტიკისა და ნეოგრეცისტიკის სფეროში |
| 546 ## - LANGUAGE NOTE |
| Language note |
რეზიუმე რუსულ ენაზე |
| 653 ## - INDEX TERM--UNCONTROLLED |
| Uncontrolled term |
ბერძნული სარაინდო რომანი |
| 653 ## - INDEX TERM--UNCONTROLLED |
| Uncontrolled term |
ბერძნული სარაინდო რომანის სამყარო (XIII-XIV სს.) = Мир греческого рыцарского романа (XIII-XIV вв.) |
| 700 ## - ADDED ENTRY--PERSONAL NAME |
| Personal name |
გორდეზიანი, რისმაგ |
| 9 (RLIN) |
17052 |
| 710 ## - ADDED ENTRY--CORPORATE NAME |
| Corporate name or jurisdiction name as entry element |
თსუ |
| Subordinate unit |
კლასიკური ფილოლოგიის, ბიზანტინისტიკისა და ნეოგრეცისტიკის ინსტიტუტ |
| 9 (RLIN) |
17053 |
| 942 ## - ADDED ENTRY ELEMENTS (KOHA) |
| Koha item type |
წიგნი |
| Source of classification or shelving scheme |
|